<?xml version="1.0" encoding="UTF-8"?>
<record
    xmlns:xsi="http://www.w3.org/2001/XMLSchema-instance"
    xsi:schemaLocation="http://www.loc.gov/MARC21/slim http://www.loc.gov/standards/marcxml/schema/MARC21slim.xsd"
    xmlns="http://www.loc.gov/MARC21/slim">

  <leader>00906nam a2200229   4500</leader>
  <controlfield tag="003">CO-ViMGA</controlfield>
  <datafield tag="020" ind1=" " ind2=" ">
    <subfield code="a">978-958-8912-69-1</subfield>
  </datafield>
  <datafield tag="040" ind1=" " ind2=" ">
    <subfield code="a">CO-ViMGA</subfield>
    <subfield code="b">spa</subfield>
    <subfield code="c">CO-ViMGA</subfield>
  </datafield>
  <datafield tag="082" ind1="0" ind2="4">
    <subfield code="a">025.524</subfield>
    <subfield code="b">S13c</subfield>
  </datafield>
  <datafield tag="100" ind1="1" ind2=" ">
    <subfield code="a">Schmidt, Eric, </subfield>
    <subfield code="d">1955-</subfield>
    <subfield code="9">9563</subfield>
  </datafield>
  <datafield tag="245" ind1="1" ind2="0">
    <subfield code="a">C&#xF3;mo trabaja Google / </subfield>
    <subfield code="c">Eric Schmidt y Jonathan Rosenberg ; con Alan Eagle ; pr&#xF3;logo de Larry Page ; [ilustraciones, Nishant Choksi ; traducci&#xF3;n, Vicente Herrasti]</subfield>
  </datafield>
  <datafield tag="260" ind1=" " ind2=" ">
    <subfield code="a">Bogot&#xE1; : </subfield>
    <subfield code="b">Aguilar,</subfield>
    <subfield code="c"> 2015 (2016)</subfield>
  </datafield>
  <datafield tag="300" ind1=" " ind2=" ">
    <subfield code="a">383 p. : </subfield>
    <subfield code="b">il., diagr., fot. byn ; 23 cm</subfield>
  </datafield>
  <datafield tag="650" ind1="1" ind2="4">
    <subfield code="a">Google</subfield>
    <subfield code="x">Administraci&#xF3;n</subfield>
    <subfield code="9">9564</subfield>
  </datafield>
  <datafield tag="650" ind1="1" ind2="4">
    <subfield code="a">Motores de b&#xFA;squeda</subfield>
    <subfield code="x">Administraci&#xF3;n</subfield>
    <subfield code="z">Estados Unidos</subfield>
    <subfield code="9">9565</subfield>
  </datafield>
  <datafield tag="700" ind1="1" ind2=" ">
    <subfield code="a">Choksi, Nishant, </subfield>
    <subfield code="e">ilustrador</subfield>
    <subfield code="9">9569</subfield>
  </datafield>
  <datafield tag="700" ind1="1" ind2=" ">
    <subfield code="a">Eagle, Alan</subfield>
    <subfield code="9">9567</subfield>
  </datafield>
  <datafield tag="700" ind1="1" ind2=" ">
    <subfield code="a">Herrasti, Vicente, </subfield>
    <subfield code="e">traductor</subfield>
    <subfield code="9">9570</subfield>
  </datafield>
  <datafield tag="700" ind1="1" ind2=" ">
    <subfield code="a">Page, Larry,</subfield>
    <subfield code="d"> 1973- </subfield>
    <subfield code="e">pr&#xF3;logo</subfield>
    <subfield code="9">9568</subfield>
  </datafield>
  <datafield tag="700" ind1="1" ind2=" ">
    <subfield code="a">Rosenberg, Jonathan, </subfield>
    <subfield code="d">1961-</subfield>
    <subfield code="9">9566</subfield>
  </datafield>
  <datafield tag="942" ind1=" " ind2=" ">
    <subfield code="2">ddc</subfield>
    <subfield code="c">BK</subfield>
  </datafield>
  <datafield tag="999" ind1=" " ind2=" ">
    <subfield code="c">37971</subfield>
    <subfield code="d">37971</subfield>
  </datafield>
  <datafield tag="952" ind1=" " ind2=" ">
    <subfield code="0">0</subfield>
    <subfield code="1">0</subfield>
    <subfield code="2">ddc</subfield>
    <subfield code="4">0</subfield>
    <subfield code="7">0</subfield>
    <subfield code="8">003</subfield>
    <subfield code="a">MEVIECAR</subfield>
    <subfield code="b">MEVIECAR</subfield>
    <subfield code="d">2017-05-23</subfield>
    <subfield code="l">1</subfield>
    <subfield code="m">1</subfield>
    <subfield code="o">025.524 S13c</subfield>
    <subfield code="p">032175</subfield>
    <subfield code="r">2019-04-10 00:00:00</subfield>
    <subfield code="s">2019-03-28</subfield>
    <subfield code="w">2017-05-23</subfield>
    <subfield code="y">BK</subfield>
  </datafield>
</record>
